书目信息 |
| 题名: |
三国社交网络
|
|
| 作者: | 李劲松 著 | |
| 分册: | ||
| 出版信息: | 北京 中国文史出版社 2020 |
|
| 页数: | 468页 | |
| 开本: | 23cm | |
| 丛书名: | ||
| 单 册: | ||
| 中图分类: | K236.07 | |
| 科图分类: | ||
| 主题词: | 中国历史--zhong guo li shi--研究--三国时代 | |
| 电子资源: | ||
| ISBN: | 978-7-5205-1485-9 | |
| 000 | 00957nam0 2200241 450 | |
| 001 | 2160502961 | |
| 005 | 20210926145259.0 | |
| 010 | @a978-7-5205-1485-9@dCNY88.00 | |
| 100 | @a20201201d2020 em y0chiy0120 ea | |
| 101 | 0 | @achi |
| 102 | @aCN@b110000 | |
| 105 | @aa z 000yy | |
| 106 | @ar | |
| 200 | 1 | @a三国社交网络@Asan guo she jiao wang lao@e“准三国”时代(184-220年)朋友圈@f李劲松著 |
| 210 | @a北京@c中国文史出版社@d2020 | |
| 215 | @a468页@c图@d23cm | |
| 330 | @a本书通过选取董卓、袁绍、曹操、刘备、袁术、吕布、刘表、孙权等八个三国英雄,及各自与其最重要的“朋友”的互动历程,一方面讲述了他们或成功或失败的创业和打拼故事,另一方面展示了他们的性格和命运。 | |
| 517 | 1 | @a“准三国”时代(184-220年)朋友圈@Azhun san guo shi dai 184-220nian peng you quan |
| 606 | 0 | @a中国历史@Azhong guo li shi@x研究@z三国时代 |
| 690 | @aK236.07@v5 | |
| 701 | 0 | @a李劲松@Ali jin song@4著 |
| 801 | 0 | @aCN@b百万庄@c20210926 |
| 905 | @b1300459-462@dK236.07@e149@f4 | |
| 三国社交网络:“准三国”时代(184-220年)朋友圈/李劲松著.-北京:中国文史出版社,2020 |
| 468页:图;23cm |
| ISBN 978-7-5205-1485-9:CNY88.00 |
| 本书通过选取董卓、袁绍、曹操、刘备、袁术、吕布、刘表、孙权等八个三国英雄,及各自与其最重要的“朋友”的互动历程,一方面讲述了他们或成功或失败的创业和打拼故事,另一方面展示了他们的性格和命运。 |
| ● |
| 相关链接 |
|
|
|
|
正题名:三国社交网络
索取号:K236.07/149
 
预约/预借
| 序号 | 登录号 | 条形码 | 馆藏地/架位号 | 状态 | 备注 |
| 1 | 1300459 | 213004595 | 第二样本阅览室/ [索取号:K236.07/149] | 在馆 | |
| 2 | 1300460 | 213004602 | 第二借阅区/ [索取号:K236.07/149] | 在馆 | |
| 3 | 1300461 | 213004611 | 第二借阅区/ [索取号:K236.07/149] | 在馆 | |
| 4 | 1300462 | 213004620 | 第二借阅区/ [索取号:K236.07/149] | 在馆 |